Network analysis; theory and computer methods

Spremljeno u:
Bibliografski detalji
Glavni autor: Jensen, Randall W.
Daljnji autori: Watkins, Bruce O.
Format: Knjiga
Jezik:English
Izdano: Englewood Cliffs, N.J., Prentice-Hall 1974
Teme:
Oznake: Dodaj oznaku
Bez oznaka, Budi prvi tko označuje ovaj zapis!

MARC

LEADER 00000nam a2200000Ia 4500
003 000668
005 20221231143943.0
008 140114s9999 xx a 000 ||eng d
040 |c cru CEDI 
082 |a  621.319.2 J54n 
100 |a Jensen, Randall W.  |9 19428 
245 |a Network analysis; theory and computer methods  
260 |a Englewood Cliffs, N.J., Prentice-Hall   |c 1974 
300 |a  xiv, 495 páginas; ilustraciones. 25 cm. 
650 |x PROCESAMIENTO ELECTRONICO DE DATOS   |x REDES ELECTRICAS   |x INGENIERÍA ELÉCTRICA - MATEMÁTICAS  |9 19430 
700 |9 19429  |a Watkins, Bruce O. 
942 |2 ddc  |c BK 
999 |c 14743  |d 14743